000 00661nam a2200169Ia 4500
005 20251020182611.0
008 200515s9999 xx 000 0 und d
082 _aSC/657.6/S85
100 _aSUAREZ, Andrés S.
245 0 _aLa madera auditoria : Un análisis conceptual y metodológico
260 _aMadrid
260 _c1991
300 _a109
520 _aConceptos fundamentales de lo que modernamente se entiende por auditoria, al objeto de poner un poco de orden en la jungla terminológica de esta disciplina. El libro recoge la concepción del autor sobre la naturaleza, tanto en el campo de la empresa priva
650 _aAUDITORIA
942 _cLIB
999 _c3342
_d3342